Phương pháp giải toán : Quy hoạch tuyến tính và sơ đồ Pert : Tài liệu lưu hành nội bộ dùng cho sinh viên kinh tế /
Sparad:
| Huvudupphovsman: | |
|---|---|
| Materialtyp: | Sách giấy |
| Språk: | Vietnamese |
| Publicerad: |
TP.HCM :
Trường Đại học Kinh tế,
1994.
|
| Taggar: |
Lägg till en tagg
Inga taggar, Lägg till första taggen!
|
| Thư viện lưu trữ: | Thư viện Trường Đại học Đà Lạt |
|---|
| LEADER | 00749nam a2200277 4500 | ||
|---|---|---|---|
| 001 | DLU140160342 | ||
| 005 | ##20140227 | ||
| 040 | # | # | |a DLU |b vie |
| 041 | # | # | |a vie |
| 044 | # | # | |a vn |
| 082 | # | # | |a 519.720 76 |b LE-P |
| 100 | # | # | |a Lê Văn Phi. |
| 245 | # | # | |a Phương pháp giải toán : Quy hoạch tuyến tính và sơ đồ Pert : |b Tài liệu lưu hành nội bộ dùng cho sinh viên kinh tế / |c Lê Văn Phi. |
| 260 | # | # | |a TP.HCM : |b Trường Đại học Kinh tế, |c 1994. |
| 300 | # | # | |a 215 tr. ; |c 21 cm. |
| 923 | # | # | |a TL |
| 991 | # | # | |a SH |
| 992 | # | # | |a 0 |
| 994 | # | # | |a DLU |
| 900 | # | # | |a True |
| 911 | # | # | |a Trương Thị Mỹ Lệ |
| 925 | # | # | |a G |
| 926 | # | # | |a A |
| 927 | # | # | |a SH |
| 980 | # | # | |a Thư viện Trường Đại học Đà Lạt |